000 01002cam a2200133 4500500
005 20260329023210.0
041 _afre
042 _adc
100 1 0 _aLouiset, Odette
_eauthor
245 0 0 _aIntroduction à la ville
260 _bArmand Colin,
_c2011.
520 _aComment définir la ville aujourd'hui ? Cet ouvrage propose une analyse critique des notions communément utilisées et déterminées par une représentation purement européenne de la ville. Fondée sur des travaux théoriques antérieurs et l’idée qu’il est nécessaire de comparer pour conceptualiser, en faisant appel à l'anthropologie et l'histoire, cette approche permet tout à la fois une réflexion originale sur la ville, sur la construction des concepts en géographie et des modèles scientifiques en sciences humaines, enfin sur la mondialisation culturelle à travers l'étude du fait urbain.
856 4 1 _uhttps://shs.cairn.info/introduction-a-la-ville--9782200249540?lang=fr&redirect-ssocas=7080
999 _c1925434
_d1925434